banner-ar

بيريسترويكا : والتفكير الجديد لبلادنا والعلم أجمع . / (Record no. 34465)

MARC details
000 -الفاتح
حقل البيانات ثابتة الطول 00675nam a2200205Ia 4500
008 - عناصر البيانات ثابتة الطول - معلومات عامة
حقل البيانات ثابتة الطول 140319s9999 xx 000 0 ara d
040 ## - مصدر الفهرسة
وكالة الفهرسة الأصلية GCL /
وكالة النسخ GCL
082 04 - رقم تصنيف ديوى العشرى
رقم التصنيف 320.5
رقم المادة غ ب
100 1# - المدخل الرئيسى - إسم شخصى
الإسم الشخصى غورباتشوف، م. س
245 10 - بيان العنوان
العنوان بيريسترويكا : والتفكير الجديد لبلادنا والعلم أجمع . /
بيان المسئوليه,etc غورباتشوف، م. س
700 1# - المدخل الاضافى - اسم شخصى
الإسم الشخصى محمد احمد شومان
260 ## - PUBLICATION, DISTRIBUTION, ETC. (IMPRINT)
تاريخ النشر أو التوزيع 1988
300 ## - الوصف المادى
التعداد 375 ص
490 ## - بيان السلسلة
عنوان السلسلة
650 04 - المدخل الاضافى بالموضوع-مصطلح موضوعى
مصطلح موضوعي الاتحاد السوفيتى
650 04 - المدخل الاضافى بالموضوع-مصطلح موضوعى
مصطلح موضوعي الاحوال الاقتصادية
650 04 - المدخل الاضافى بالموضوع-مصطلح موضوعى
مصطلح موضوعي بيروسترويكا
942 ## - عناصر المدخل الإضافي( كوها)
مصدر التصنيف او مخطط الترفيف Dewey Decimal Classification
Koha [default] item type كتاب
260 ## - PUBLICATION, DISTRIBUTION, ETC. (IMPRINT)
-- [S.N] :
-- دار الفارابى ،
Holdings
حالة التراجع حالة الفقد حالة تلف ليس للاعارة المكان المؤقت الموقع الحالى تاريخ الاكتساب اجمالي اﻻعارات رقم الطلب الباركود تاريخ اخر مشاهدة تاريخ تفعيل السعر نوع وعاء كوها
        مكتبة القاهرة الكبرى مكتبة القاهرة الكبرى 03/26/2014   320.5\غ ب 82379 03/26/2014 03/26/2014 كتاب

Powered By

EGPV